№ 1; Известия вузов. Цветная металлургия

Bibliographic Details
Parent link:Известия вузов. Цветная металлургия=Russian Journal of Non-Ferrous Metals: научно-технический журнал/ Московский государственный институт стали и сплавов (МИСиС) ; Национальный исследовательский технологический университет "МИСиС". № 1.— , 1958-.— 0021-3438
Language:Russian
Published: 2006
Format: Book
KOHA link:https://koha.lib.tpu.ru/cgi-bin/koha/opac-detail.pl?biblionumber=401765

MARC

LEADER 00000nam2a2200000 4500
001 401765
005 20231101065620.0
035 |a (RuTPU)RU\TPU\prd\46070 
090 |a 401765 
100 |a 20060912a20069999k y0rusy50 ca 
101 0 |a rus 
102 |a RU 
200 0 |a № 1 
210 |d 2006 
461 1 |0 (RuTPU)RU\TPU\prd\46067  |x 0021-3438  |t Известия вузов. Цветная металлургия  |l Russian Journal of Non-Ferrous Metals  |o научно-технический журнал  |f Московский государственный институт стали и сплавов (МИСиС) ; Национальный исследовательский технологический университет "МИСиС"  |v № 1  |d 1958- 
801 0 |a RU  |b 63413507  |c 20010227  |g PSBO 
801 1 |a RU  |b 63413507  |c 20060912  |g PSBO 
801 2 |a RU  |b 63413507  |c 20201214  |g PSBO 
942 |c BK 
999 |a НТБ_ТПУ  |b НФ  |e -1/20060110  |p П-6307о  |s 11/20051014  |u 0,00  |v 1